| 000 | 00747nam a22002537a 4500 | ||
|---|---|---|---|
| 003 | CHAP | ||
| 005 | 20220329135059.0 | ||
| 008 | 971013s1966 r 10010 d | ||
| 010 | _a30602 | ||
| 011 | _a31574 | ||
| 035 | _a35686 | ||
| 040 | _cCHAP | ||
| 082 |
_a634.922 _bN3 1966 |
||
| 111 | 0 | 0 |
_aNational Committee on Forest Land. Annual Meeting ( _d1966 _c: Ottawa) _980319 |
| 245 | _aProceedings | ||
| 260 |
_aOttawa : _bDepartment of Forestry, _c1966 |
||
| 300 | _a148 p. | ||
| 590 |
_aBATCH-UPD _b10 _c20130110 _lUCH01 _h1919 |
||
| 590 |
_aCONVERSION _b10 _c20130109 _lUCH01 _h1317 |
||
| 650 | 1 | 4 |
_aSuelos forestales. _9110548 |
| 901 | _aBK | ||
| 942 | _cLIBRO | ||
| 949 |
_a634.922 N3 1966 _bBC _cLIBRO _d33724000233813 _eLIBRO _h41650 _i35686 _si |
||
| 999 |
_c30602 _d30602 |
||